00522nam a2200181 a 450000500170000000800410001702000180005805000210007610000180009724500820011525000120019726000330020930000290024252100070027165000240027865000190030270000190032120140310183517.0110110s19uu xx 00 eng d a9780071276344 aQ 360b.W47 2010 aWest, Richard aIntroducing communication theory :banalysis and application /cRichard West. a4th ed. aBoston :bMcGrawHill,c2010. a588 p. :bill. ;c25 cm. aMC aInformation theory. aCommunication. aLynn H. Turner